000 00611nam a2200217 i 4500
001 12904
003 ES-MaACL
005 20250728033823.0
007 t|
008 971007s1995 xxu ||||1| eng d
020 _a0-521-44477-2
080 _a778.32
100 1 _aMalin, David.
_975779
245 1 2 _aA view of the universe /
_cDavid Malin.
250 _a1st ed., repr.
260 _aCambridge :
_bUniversity Press,
_c1993.
300 _aXV, 266 p. :
_bil. ;
_c27 cm.
650 1 7 _aFotografía astronómica
_2embne
_912961
852 _aES-MaACL
_jL-20231
_bR.125129
999 _c12904
_d12904